Getting started as an expert witness (Record no. 109248)
[ view plain ]
| 000 -LEADER | |
|---|---|
| fixed length control field | 00676cam a22002295a 4500 |
| 001 - CONTROL NUMBER | |
| control field | L146642 |
| 008 - FIXED-LENGTH DATA ELEMENTS--GENERAL INFORMATION | |
| fixed length control field | 090210s2008 xxk f 000 0 eng d |
| 020 ## - INTERNATIONAL STANDARD BOOK NUMBER | |
| International Standard Book Number | 9781905926046 |
| 035 ## - SYSTEM CONTROL NUMBER | |
| System control number | (Sirsi) u146642 |
| 041 0# - LANGUAGE CODE | |
| Language code of text/sound track or separate title | eng |
| 050 04 - LIBRARY OF CONGRESS CALL NUMBER | |
| Classification number | 347.4109 $2 18 |
| 100 1# - MAIN ENTRY--PERSONAL NAME | |
| Personal name | Pamplin, Chris |
| 245 00 - TITLE STATEMENT | |
| Title | Getting started as an expert witness |
| 260 ## - PUBLICATION, DISTRIBUTION, ETC. | |
| Place of publication, distribution, etc. | Newmarket |
| Name of publisher, distributor, etc. | J S Publications |
| Date of publication, distribution, etc. | 2008 |
| 350 ## - PRICE (NR) (BK AM CF MU VM SE) [OBSOLETE] | |
| Price | 35 |
| 520 ## - SUMMARY, ETC. | |
| Summary, etc. | Offers guidance in starting an expert witness business, including getting instructions and building your business. |
| 651 #4 - SUBJECT ADDED ENTRY--GEOGRAPHIC NAME | |
| Geographic name | England and Wales |
| Chronological subdivision | 1543- |
| 690 ## - LOCAL SUBJECT ADDED ENTRY--TOPICAL TERM (OCLC, RLIN) | |
| Topical term or geographic name as entry element | Dispute resolution |
| 9 (RLIN) | 6236 |
| 700 1# - ADDED ENTRY--PERSONAL NAME | |
| Personal name | White, Susanne |
| 942 ## - ADDED ENTRY ELEMENTS (KOHA) | |
| Suppress in OPAC | 0 |
| Withdrawn status | Lost status | Source of classification or shelving scheme | Damaged status | Not for loan | Home library | Current library | Shelving location | Date acquired | Total Checkouts | Full call number | Barcode | Date last seen | Date last checked out | Copy number | Price effective from | Koha item type |
|---|---|---|---|---|---|---|---|---|---|---|---|---|---|---|---|---|
| Dewey Decimal Classification | London | London | Books | 17/09/2009 | 1 | 347.4109 PAM | 30076840 | 06/08/2019 | 08/01/2010 | 1 | 06/08/2019 | Book |